000 004730000a22001930004500
999 _c48254
_d48254
001 1078
003 CO-MdFUSB
005 20170710181019.0
008 170710b xxu||||| |||| 00| 0 eng d
020 _a958-04--4992--9
040 _cCO-MdBIC
082 0 4 _a863C F854ve
100 1 _aBourgeois, Paulette
245 1 0 _aFranklin va a la escuela / Paulette Bourgeois
260 _aBogotá : Norma
300 _a[ 32 P. ]
650 1 4 _aLiteratura infantil
942 _cLGB